00385nam a2200121Ia 45000010005000000080041000050820041000461000066000872450043001532600024001969010028002209990015002483474241024s9999 xx 000 0 und d aRD/348.086/R426l/24-97 LIBRO NO ESTA aRepública Dominicana.Secretaría de Estado de la Mujer SEM 0aLey 2497 sobre violencia intrafamiliar bSanto Domingoc2004 a20/11/2013 8:46:39 a.m. c9520d9520